Nisāʼ fī sūq al-ʻamal : al-ʻāmilāt wa-siyāsāt al-khaṣkhaṣah /

Saved in:
Bibliographic Details
Other Authors: Badr, Intiṣār., Shukr Allāh, Hālah., Darwīsh, Nūlah.
Format: Book
Language:Arabic
Published: al-Muhandisīn [Jīzah] : Muʼassasat al-Marʼah al-Jadīdah, 2007.
Subjects:
Tags: Add Tag
No Tags, Be the first to tag this record!
LEADER 01676nam a2200385 a 4500
001 012600541-9
005 20120829143215.0
008 100828s2007 ua 000 0 ara d
010 |a  2010523801 
035 0 |a ocn660132853 
040 |a LEILA  |c LEILA  |d MEAUC  |d DLC 
042 |a lccopycat  |a lcode 
043 |a f-ua--- 
050 0 0 |a HD6209  |b .N57 2007 
245 0 0 |6 880-01  |a Nisāʼ fī sūq al-ʻamal :  |b al-ʻāmilāt wa-siyāsāt al-khaṣkhaṣah /  |c al-bāḥithah al-rāʼīsīyah Intiṣār Badr ; al-hayʼah al-ishrāfīyah Hālah Shukr Allāh, Nūlah Darwīsh. 
260 |6 880-02  |a al-Muhandisīn [Jīzah] :  |b Muʼassasat al-Marʼah al-Jadīdah,  |c 2007. 
300 |a 307 p. ;  |c 24 cm. 
500 |a Supplement includes Wirash al-ʻAmal. 
504 |a Includes bibliographical references. 
650 0 |a Women  |x Employment  |z Egypt. 
650 0 |a Women employees  |z Egypt. 
650 0 |a Women heads of households  |z Egypt. 
651 0 |a Egypt  |x Economic conditions. 
700 1 |6 880-03  |a Badr, Intiṣār. 
700 1 |6 880-04  |a Shukr Allāh, Hālah. 
700 1 |6 880-05  |a Darwīsh, Nūlah. 
752 |a Egypt  |d Jīzah. 
880 0 0 |6 245-01  |a نساء في سوق العمل :  |b العاملات وسياسات الخصخصة /  |c الباحثة الرئيسية إنتصار بدر ؛ الهيئة الإشرافية هالة شكر الله، نولة درويش. 
880 |6 260-02  |a المهندسين [Jīzah] :  |b مؤسسة المرأة الجديدة،  |c 2007. 
880 1 |6 700-03  |a بدر، إنتصار. 
880 1 |6 700-04  |a شكر الله، هالة. 
880 1 |6 700-05  |a درويش، نولة. 
899 |a 415_565726 
988 |a 20101027 
906 |0 OCLC